| 000 | 00693nam a22001937a 4500 | ||
|---|---|---|---|
| 008 | 131210s2010 ua ||||gr|||| 000 f ara d | ||
| 020 | _a9774273435 | ||
| 082 | 0 | 4 |
_222 _a813.03 _bم ط ا |
| 100 | 1 |
_933033 _aمطاوع، عبد الوهاب _d1940-2004. |
|
| 245 | 1 | 0 |
_aأعط الصباح فرصة ! / _cعبد الوهاب مطاوع. |
| 250 | _aط. 2. | ||
| 260 |
_aالقاهرة : _bالدار المصرية اللبنانية، _c2010. |
||
| 300 |
_a232 ص. ؛ _c20 سم. |
||
| 590 | _aBook for the road program. | ||
| 650 | 0 |
_928134 _aالقصص العربية _yقرن 20 _zمصر |
|
| 653 |
_bAra _cDecember2013 |
||
| 655 |
_vreading book _934232 |
||
| 942 |
_2ddc _cBB _k813.03 م ط ا |
||
| 999 |
_c17817 _d17789 |
||